LEADER 01733nam 2200493 450 001 9910702899203321 005 20141222075233.0 035 $a(CKB)5470000002431150 035 $a(OCoLC)898473695 035 $a(EXLCZ)995470000002431150 100 $a20141222d2014 ua 0 101 0 $aeng 135 $aurmn||||||||| 181 $2rdacontent 182 $2rdamedia 183 $2rdacarrier 200 10$aLet's make the next generation tobacco-free $eyour guide to the 50th anniversary Surgeon General's report on smoking and health 210 1$a[Atlanta, Ga.] :$cU.S. Department of Health And Human Services, Public Health Service,$d2014. 215 $a1 online resource (20 pages) $ccolor illustrations 300 $aTitle from title screen (viewed Dec. 22, 2014). 300 $aIncludes note from the Acting Surgeon General and timeline: 50 years of progress in tobacco control. 517 $aLet's make the next generation tobacco-free 606 $aTobacco$xToxicology 606 $aTobacco$xPhysiological effect 606 $aSmoking$xHealth aspects$zUnited States 606 $aSmoking$zUnited States$xPrevention 606 $aSmoking 606 $aTobacco use 606 $aTobacco use$xPrevention 606 $aTobacco use$zUnited States 615 0$aTobacco$xToxicology. 615 0$aTobacco$xPhysiological effect. 615 0$aSmoking$xHealth aspects 615 0$aSmoking$xPrevention. 615 0$aSmoking. 615 0$aTobacco use. 615 0$aTobacco use$xPrevention. 615 0$aTobacco use 801 0$bGPO 801 1$bGPO 906 $aBOOK 912 $a9910702899203321 996 $aLet's make the next generation tobacco-free$93456557 997 $aUNINA